000 00280nam a2200133Ia 4500
008 240625s9999 xx 000 0 und d
041 _aeng
082 _a920 OBA
100 _aOBAMA BARACK
245 _aDREAMS OF MY FATHER
260 _c2013
365 _cGBP
_b28
440 _v2
999 _c34943
_d34943